2000年版面積の広い市町村 - Statistics

General Stats
  • This quiz has been taken 8 times
  • The average score is 22 of 30
Answer Stats
2000年順位 都道府県 現在の状態 Answer % Correct
3位 福島県 現存 いわき市
100%
4位 静岡県 合併し現存 静岡市
100%
6位 北海道 現存 標茶町
100%
14位 宮城県 現存 仙台市
100%
20位 北海道 現存 稚内市
100%
26位 広島県 合併し現存 広島市
100%
1位 北海道 現存 足寄町
88%
2位 北海道 現存 別海町
88%
11位 北海道 現存 紋別市
88%
19位 北海道 現存 夕張市
88%
24位 福島県 合併し現存 福島市
88%
28位 山形県 現存 小国町
88%
5位 北海道 現存 札幌市
75%
10位 北海道 現存 芦別市
75%
15位 北海道 現存 弟子屈町
75%
21位 福島県 現存 郡山市
75%
22位 北海道 現存 旭川市
75%
23位 福島県 現存 只見町
75%
30位 北海道 合併し現存 八雲町
75%
7位 北海道 現存 新得町
63%
8位 北海道 現存 上川町
63%
9位 岩手県 現存 岩泉町
63%
27位 北海道 合併し消滅 阿寒町
63%
29位 北海道 現存 斜里町
63%
13位 北海道 合併し消滅 静内町
50%
17位 北海道 現存 幌加内町
50%
12位 北海道 現存 大樹町
38%
18位 北海道 現存 滝上町
38%
16位 北海道 現存 白糠町
25%
25位 北海道 現存 平取町
25%
No matching quizzes found
Score Distribution
Percent of People with Each Score
Percentile by Number Answered
Your Score History
You have not taken this quiz